All FBS Football Colleges - Statistics

General Stats
  • This quiz has been taken 86 times
  • The average score is 92 of 130
Answer Stats
Conference NFL Player Answer % Correct
Big Ten Tom Brady Michigan
97%
Big 12 Justin Tucker Texas
95%
SEC Tua Tagovailoa Alabama
93%
Big Ten Kirk Cousins Michigan State
93%
SEC Nick Chubb Georgia
91%
MAC Tarell Bashem Ohio
91%
Big 12 Kyler Murray Oklahoma
91%
ACC Trevor Lawrence Clemson
90%
SEC Kyle Pitts Florida
90%
Big Ten Saquon Barkley Penn State
90%
SEC Odell Beckham Jr. Louisiana State
88%
ACC Gregory Rosseau Miami Florida
88%
MAC Ben Roethlisberger Miami Ohio
88%
Big 12 Patrick Mahomes Texas Tech
88%
Pac-12 Juju Smith-Schuster USC
88%
SEC Cam Newton Auburn
86%
Pac-12 Aaron Rodgers California
86%
ACC Mitchell Trubisky North Carolina
86%
Big Ten Chase Young Ohio State
86%
Pac-12 Justin Herbert Oregon
86%
Pac-12 Christian McCaffrey Stanford
86%
Pac-12 Myles Gaskin Washington
86%
AAC Travis Kelce Cincinnati
84%
Independent Quenton Nelson Notre Dame
84%
SEC Ryan Tannehill Texas A&M
84%
Pac-12 Josh Rosen UCLA
84%
ACC Bryce Hall Virginia
84%
Pac-12 Rob Gronkowski Arizona
83%
ACC Dalvin Cook Florida State
83%
Big 12 Chris Harris Jr. Kansas
83%
ACC Lamar Jackson Louisville
83%
SEC DK Metcalf Ole Miss
83%
SEC Alvin Kamara Tennessee
83%
Mountain West Derek Carr Fresno State
81%
Big Ten George Kittle Iowa
81%
Big 12 Tyler Lockett Kansas State
81%
Big Ten Stefon Diggs Maryland
81%
Pac-12 Gardner Minshew Washington State
81%
ACC Matt Ryan Boston College
79%
ACC Daniel Jones Duke
79%
Big 10 Ndamukong Suh Nebraska
79%
Mountain West Josh Allen Wyoming
79%
Pac-12 Brandon Aiuk Arizona State
78%
SEC Hunter Henry Arkansas
78%
Big Ten Tevin Coleman Indiana
78%
Big 12 David Montgomery Iowa State
78%
Big Ten Rashod Bateman Minnesota
78%
Big 12 Chuba Hubbard Oklahoma State
78%
Pac-12 Brandin Cooks Oregon State
78%
ACC Tyrod Taylor Virginia Tech
78%
Big 12 Xavien Howard Baylor
76%
Pac-12 Laviska Shenault Jr. Colorado
76%
SEC Dak Prescott Mississippi State
76%
SEC Drew Lock Missouri
76%
Big Ten Rondale Moore Purdue
76%
SEC Jadeveon Clowney South Carolina
76%
Pac-12 Zack Moss Utah
76%
MAC Corey Davis Western Michigan
76%
Big Ten Melvin Gordon Wisconsin
76%
MAC Antonio Brown Central Michigan
74%
ACC Darren Waller Georgia Tech
74%
Big 12 Andy Dalton Texas Christian
74%
Independent Alejandro Villanueva Army
72%
AAC Case Keenum Houston
72%
SEC Randall Cobb Kentucky
72%
Sun Belt Elijah Mitchell Louisiana
72%
Big Ten Devin McCourty Rutgers
72%
ACC Joe Thuney NC State
71%
Mountain West Corey Bojorquez New Mexico
71%
ACC Chandler Jones Syracuse
71%
AAC Latavius Murray UCF
71%
Mountain West Jordan Love Utah State
71%
Big 12 Geno Smith West Virginia
71%
Mountain West Shaquil Barrett Colorado State
69%
MAC Maxx Crosby Eastern Michigan
69%
Big Ten Nick Allegretti Illinois
69%
Big Ten Trevor Siemian Northwestern
69%
Mountain West Rashaad Penny San Diego State
69%
AAC Courtland Sutton Southern Methodist
69%
AAC Joe Cardona Navy
67%
MAC Kareem Hunt Toledo
67%
Independent Byron Jones UConn
67%
C-USA Aaron Jones UTEP
67%
Mountain West Garrett Griffin Air Force
66%
Independent Zach Wilson Brigham Young
66%
MAC Jaret Patterson Buffalo
66%
AAC Antonio Gibson Memphis
66%
Mountain West Joel Bitonio Nevada
66%
AAC Darnell Mooney Tulane
66%
SEC Casey Heyward Vanderbilt
66%
Mountain West Leighton Vander Esch Boise State
64%
Independent Jason Huntley New Mexico State
64%
C-USA T.Y Hilton Florida International
62%
Mountain West Jahlani Tavai Hawai'i
62%
MAC Julian Edelman Kent State
62%
ACC Tyler Boyd Pittsburgh
62%
AAC Robby Anderson Temple
62%
AAC Zaven Collins Tulsa
62%
C-USA Marcus Davenport UTSA
62%
AAC Jason Pierre-Paul South Florida
60%
Mountain West Jocquez Kalili UNLV
60%
Sun Belt Demario Davis Arkansas State
59%
Independent Isaiah Rodgers UMass
59%
MAC Danny Pinter Ball State
57%
MAC Scotty Miller Bowling Green
57%
Sun Belt Josh Norman Coastal Carolina
57%
C-USA Devin Singletary Florida Atlantic
57%
C-USA Chris Boswell Rice
57%
MAC JoJo Natson Akron
55%
C-USA Quez Watkins Southern Miss
55%
ACC Kendall Hinton Wake Forest
55%
C-USA L'Jarius Sneed Louisiana Tech
52%
AAC Zay Jones East Carolina
50%
Sun Belt Albert Wilson Georgia State
50%
Independent Antonio Gandy-Golden Liberty
50%
MAC Kenny Golladay Northern Illinois
50%
C-USA Darious Williams UAB
50%
Sun Belt Matt Breida Georgia Southern
48%
C-USA Neville Hewitt Marshall
48%
C-USA Kevin Byard Middle Tennessee State
48%
C-USA Jeff Wilson Jr. North Texas
48%
Sun Belt Derrick Gore UL-Monroe
47%
C-USA Tyler Higbee Western Kentucky
45%
C-USA Taylor Heinicke Old Dominion
43%
Mountain West David Quessenberry San Jose State
43%
Sun Belt David Mayo Texas State
43%
Sun Belt Mario Addison Troy
43%
Sun Belt Gerald Everett South Alabama
41%
Sun Belt Kendall Lamm Appalachian State
40%
C-USA Alex Highsmith Charlotte
40%
No matching quizzes found
Score Distribution
Percent of People with Each Score
Percentile by Number Answered
Your Score History
You have not taken this quiz